|
|
|
|
| LEADER |
00000naa2a2200000 4500 |
| 001 |
616056 |
| 005 |
20240116131201.0 |
| 035 |
|
|
|a (RuTPU)RU\TPU\conf\14289
|
| 035 |
|
|
|a RU\TPU\conf\14288
|
| 090 |
|
|
|a 616056
|
| 100 |
|
|
|a 20151204d2015 k y0rusy50 ca
|
| 101 |
0 |
|
|a rus
|
| 102 |
|
|
|a RU
|
| 105 |
|
|
|a y z 101zy
|
| 135 |
|
|
|a drgn ---uucaa
|
| 181 |
|
0 |
|a i
|
| 182 |
|
0 |
|a b
|
| 200 |
1 |
|
|a Статистический анализ макроэкономических показателей РФ и новых видов экономической деятельности малых предприятий моногорода Юрга
|f А. Н. Важдаев, А. А. Мицель
|
| 203 |
|
|
|a Текст
|c электронный
|
| 225 |
1 |
|
|a Системный анализ, управление и обработка информации в экономике
|
| 300 |
|
|
|a Заглавие с титульного экрана
|
| 320 |
|
|
|a [Библиогр.: с. 18-19 (11 назв.)]
|
| 337 |
|
|
|a Adobe Reader
|
| 463 |
|
0 |
|0 (RuTPU)RU\TPU\conf\14241
|t Современные технологии поддержки принятия решений в экономике
|o сборник трудов Всероссийской научно-практической конференции студентов, аспирантов и молодых ученых, 19-20 ноября 2015 г., г. Юрга
|f Национальный исследовательский Томский политехнический университет (ТПУ), Юргинский технологический институт (ЮТИ) ; под ред. Д. А. Чинахова
|v [С. 17-19]
|d 2015
|
| 610 |
1 |
|
|a труды учёных ТПУ
|
| 610 |
1 |
|
|a электронный ресурс
|
| 610 |
1 |
|
|a статистический анализ
|
| 610 |
1 |
|
|a макроэкономические показатели
|
| 610 |
1 |
|
|a экономическая деятельность
|
| 610 |
1 |
|
|a малые предприятия
|
| 610 |
1 |
|
|a моногорода
|
| 610 |
1 |
|
|a Юрга
|
| 700 |
|
1 |
|a Важдаев
|b А. Н.
|c специалист в области информатики и вычислительной техники
|c доцент, кандидат технических наук Юргинского технологического института (филиала) Томского политехнического университета
|f 1981-
|g Андрей Николаевич
|3 (RuTPU)RU\TPU\pers\24487
|9 10810
|
| 701 |
|
1 |
|a Мицель
|b А. А.
|c математик
|c профессор Томского политехнического университета, доктор технических наук
|f 1947-
|g Артур Александрович
|3 (RuTPU)RU\TPU\pers\24244
|9 10730
|
| 712 |
0 |
2 |
|a Национальный исследовательский Томский политехнический университет (ТПУ)
|b Юргинский технологический институт (филиал) (ЮТИ)
|b Кафедра информационных систем (ИС)
|3 (RuTPU)RU\TPU\col\18893
|
| 712 |
0 |
2 |
|a Национальный исследовательский Томский политехнический университет (ТПУ)
|b Физико-технический институт (ФТИ)
|b Кафедра высшей математики и математической физики (ВММФ)
|3 (RuTPU)RU\TPU\col\18727
|
| 801 |
|
2 |
|a RU
|b 63413507
|c 20210217
|g RCR
|
| 856 |
4 |
|
|u http://earchive.tpu.ru/handle/11683/18142
|
| 856 |
4 |
|
|u http://www.lib.tpu.ru/fulltext/c/2015/C79/003.pdf
|
| 942 |
|
|
|c BK
|